Prefiero ser rico y honrado / (Registro nro. 13989)

Detalles MARC
000 -LIDER
fixed length control field 01167nam a2200265 a 4500
001 - NÚMERO DE CONTROL
Identificador de número de control
003 - IDENTIFICACDOR DE NÚMERO DE CONTROL
control field DO-SdBNP
005 - DATE AND TIME OF LATEST TRANSACTION
control field 20220128082835.0
008 - ELEMENTOS DE LONGITUD FIJA
fixed length control field 190124s2016 dr a 000 m spa d
020 ## - ISBN
International Standard Book Number 9789945600384
040 ## - FUENTE DE CATALOGACIÓN
Agencia que crea de manera original el registro DO-SdBNP
Idioma de catalogación spa
Agencia que realiza la transcripción BPMSU
082 ## - NÚMERO DE CLASIFICACIÓN DECIMAL DE DEWEY
Classification number 179.9
Item number F316pr 2016
Edition number 22
100 1# - ASIENTO PRINCIPAL -- NOMBRE PERSONAL
Nombre personal Feliz, Ulises,
Fechas asociadas con el nombre 1963-
245 10 - MENCIÓN DE TITULO
Título Prefiero ser rico y honrado /
Mención de responsabilidad Ulises Feliz Taveras ; diagramación y diseño de portada: Amado Santana.
260 ## - PUBLICACIÓN, DISTRIBUCIÓN, ETC. (PIE DE IMPRENTA)
Lugar de publicación, distribución, etc Santo Domingo :
Nombre del editor, distribuidor, etc. Santuario,
Fecha de publicación, distribución, etc 2016.
300 ## - DESCRIPCIÓN FÍSICA
Extensión 201 p. :
Otros detalles físicos il. ;
Dimensiones 23 cm.
500 ## - NOTA GENERAL
Nota general Incluye datos biográficos del autor en la solapa de la cubierta
505 0# - NOTA DE CONTENIDO
Texto normalizado de contenido Introducción --
Título Prefiero ser optimista --
-- Prefiero mejorar mi actitud --
-- Prefiero ser ético --
-- Prefiero ser leal --
-- Prefiero hacer negocios --
-- Prefiero permanecer a un equipo --
-- Prefiero ser parte del liderazgo --
-- Prefiero definir mis objetivos --
-- Prefiero triunfar y ser ejemplo --
-- Prefiero contribuir y dejar una huella.
590 ## - NOTA LOCAL
Texto de la nota local Inventariado, 2022/VM
650 #4 - ENCABEZAMIENTO DE MATERIA--TEMÁTICO
Término temático o nombre geográfico como elemento de entrada Educación moral
Subdivisión temática general
650 #4 - ENCABEZAMIENTO DE MATERIA--TEMÁTICO
Término temático o nombre geográfico como elemento de entrada Conducta (Ética)
650 #4 - ENCABEZAMIENTO DE MATERIA--TEMÁTICO
Término temático o nombre geográfico como elemento de entrada Ética
Subdivisión de forma Citas, máximas, etc.
910 ## - VALIDACIÓN
Validación VMateo V.
942 ## - ADDED ENTRY ELEMENTS (KOHA)
Source of classification or shelving scheme Dewey Decimal Classification
Koha item type Libros
Existencias
Withdrawn status Lost status Source of classification or shelving scheme Damaged status Not for loan Collection code Home library Current library Date acquired Total Checkouts Full call number Barcode Date last seen Price effective from Koha item type
    Dewey Decimal Classification     Colección Dominicana Biblioteca Pública Metropolitana Salomé Ureña Biblioteca Pública Metropolitana Salomé Ureña 01/28/2022   BPMSU CD 171 F316p 2016 BPMSU22010083 01/28/2022 01/28/2022 Libros